[Event "DEM U10 2025"]
[Site "Willingen GER"]
[Date "2025.06.11"]
[Round "6"]
[White "Brucker, Oscar"]
[Black "Laß, Matteo"]
[Result "1-0"]
[Termination "normal"]
[Board "25"]
[WhiteElo "1795"]
[BlackElo "1277"]
[WhiteClock "00:19:39"]
[BlackClock "00:39:49"]
[PlyCount "93"]
[WhiteFideId "533026432"]
[BlackFideId "533019940"]
[EventCountry "GER"]
[EventRounds "9"]
[EventType "swiss"]
[EventDate "2025.06.07"]

1. Nf3 {[%clk 01:30:52]} {[%emt 00:00:07]} d5 {[%clk 01:30:44]} {[%emt
00:00:17]} 2. g3 {[%clk 01:31:06]} {[%emt 00:00:16]} Nf6 {[%clk 01:30:43]}
{[%emt 00:00:31]} 3. Bg2 {[%clk 01:31:09]} {[%emt 00:00:27]} g6 {[%clk
01:30:28]} {[%emt 00:00:45]} 4. d3 {[%clk 01:30:49]} {[%emt 00:00:49]} c5
{[%clk 01:29:52]} {[%emt 00:01:07]} 5. O-O {[%clk 01:30:22]} {[%emt 00:00:57]}
Nc6 {[%clk 01:28:58]} {[%emt 00:01:24]} 6. Nbd2 {[%clk 01:28:46]} {[%emt
00:02:06]} Bg7 {[%clk 01:27:58]} {[%emt 00:01:30]} 7. c3 {[%clk 01:26:39]}
{[%emt 00:02:36]} O-O {[%clk 01:27:00]} {[%emt 00:01:28]} 8. e4 {[%clk
01:24:12]} {[%emt 00:02:58]} d4 {[%clk 01:24:21]} {[%emt 00:03:09]} 9. Qc2
{[%clk 01:16:42]} {[%emt 00:07:59]} e5 {[%clk 01:18:04]} {[%emt 00:06:48]} 10.
Re1 {[%clk 01:13:03]} {[%emt 00:04:07]} Rb8 {[%clk 01:11:40]} {[%emt 00:06:56]}
11. Nb3 {[%clk 01:07:10]} {[%emt 00:06:22]} Qe7 {[%clk 01:10:38]} {[%emt
00:01:33]} 12. Bd2 {[%clk 01:01:07]} {[%emt 00:06:33]} Bd7 {[%clk 01:06:35]}
{[%emt 00:04:32]} 13. Rad1 {[%clk 00:59:01]} {[%emt 00:02:36]} Rfc8 {[%clk
01:04:39]} {[%emt 00:02:26]} 14. Bg5 {[%clk 00:54:36]} {[%emt 00:04:55]} b5
{[%clk 01:02:11]} {[%emt 00:02:58]} 15. Qd2 {[%clk 00:50:05]} {[%emt 00:05:01]}
a5 {[%clk 00:53:48]} {[%emt 00:08:54]} 16. cxd4 {[%clk 00:47:30]} {[%emt
00:03:05]} cxd4 {[%clk 00:53:20]} {[%emt 00:00:58]} 17. Rc1 {[%clk 00:43:44]}
{[%emt 00:04:16]} a4 {[%clk 00:50:51]} {[%emt 00:02:58]} 18. Nc5 {[%clk
00:43:12]} {[%emt 00:01:02]} Qd6 {[%clk 00:42:34]} {[%emt 00:08:47]} 19. Bxf6
{[%clk 00:36:43]} {[%emt 00:06:58]} Bxf6 {[%clk 00:42:02]} {[%emt 00:01:03]}
20. Nxd7 {[%clk 00:37:07]} {[%emt 00:00:07]} Qxd7 {[%clk 00:42:12]} {[%emt
00:00:19]} 21. Qh6 {[%clk 00:36:39]} {[%emt 00:00:53]} Nb4 {[%clk 00:41:40]}
{[%emt 00:01:08]} 22. Rxc8+ {[%clk 00:33:58]} {[%emt 00:03:12]} Rxc8 {[%clk
00:41:53]} {[%emt 00:00:15]} 23. Bh3 {[%clk 00:33:48]} {[%emt 00:00:40]} Qc7
{[%clk 00:41:28]} {[%emt 00:00:54]} 24. Bxc8 {[%clk 00:31:55]} {[%emt
00:02:24]} Qxc8 {[%clk 00:41:49]} {[%emt 00:00:09]} 25. Qd2 {[%clk 00:25:37]}
{[%emt 00:06:49]} Qc5 {[%clk 00:38:55]} {[%emt 00:03:20]} 26. a3 {[%clk
00:24:49]} {[%emt 00:01:21]} Nc6 {[%clk 00:39:15]} {[%emt 00:00:10]} 27. Rc1
{[%clk 00:24:23]} {[%emt 00:00:57]} Qd6 {[%clk 00:39:16]} {[%emt 00:00:28]} 28.
Qc2 {[%clk 00:24:11]} {[%emt 00:00:40]} Ne7 {[%clk 00:39:24]} {[%emt 00:00:25]}
29. Qc7 {[%clk 00:23:13]} {[%emt 00:01:25]} Qe6 {[%clk 00:39:11]} {[%emt
00:00:46]} 30. Qb8+ {[%clk 00:22:43]} {[%emt 00:01:00]} Kg7 {[%clk 00:39:24]}
{[%emt 00:00:17]} 31. Qxb5 {[%clk 00:22:53]} {[%emt 00:00:20]} h5 {[%clk
00:39:09]} {[%emt 00:00:45]} 32. h4 {[%clk 00:21:01]} {[%emt 00:02:22]} Qd6
{[%clk 00:37:43]} {[%emt 00:01:56]} 33. Rc5 {[%clk 00:20:23]} {[%emt 00:01:10]}
Kh6 {[%clk 00:37:33]} {[%emt 00:00:38]} 34. Nxe5 {[%clk 00:20:24]} {[%emt
00:00:29]} Bxe5 {[%clk 00:37:50]} {[%emt 00:00:13]} 35. Rxe5 {[%clk 00:20:43]}
{[%emt 00:00:09]} f6 {[%clk 00:38:08]} {[%emt 00:00:14]} 36. Rc5 {[%clk
00:20:21]} {[%emt 00:00:53]} Kg7 {[%clk 00:37:53]} {[%emt 00:00:42]} 37. Rc4
{[%clk 00:19:54]} {[%emt 00:00:58]} Kf7 {[%clk 00:38:08]} {[%emt 00:00:15]} 38.
Qxa4 {[%clk 00:19:54]} {[%emt 00:00:31]} Qb6 {[%clk 00:38:17]} {[%emt
00:00:21]} 39. Qb4 {[%clk 00:19:56]} {[%emt 00:00:28]} Qe6 {[%clk 00:38:30]}
{[%emt 00:00:15]} 40. Rxd4 {[%clk 00:20:03]} {[%emt 00:00:25]} Nc6 {[%clk
00:38:38]} {[%emt 00:00:21]} 41. Qb7+ {[%clk 00:20:02]} {[%emt 00:00:31]} Ne7
{[%clk 00:38:54]} {[%emt 00:00:14]} 42. Rd7 {[%clk 00:19:53]} {[%emt 00:00:39]}
Qe5 {[%clk 00:39:14]} {[%emt 00:00:10]} 43. Qd5+ {[%clk 00:19:42]} {[%emt
00:00:41]} Qxd5 {[%clk 00:38:52]} {[%emt 00:00:51]} 44. exd5 {[%clk 00:20:10]}
{[%emt 00:00:03]} Ke8 {[%clk 00:39:10]} {[%emt 00:00:12]} 45. Rd6 {[%clk
00:20:25]} {[%emt 00:00:15]} Kf7 {[%clk 00:39:27]} {[%emt 00:00:13]} 46. a4
{[%clk 00:20:21]} {[%emt 00:00:35]} f5 {[%clk 00:39:49]} {[%emt 00:00:08]} 47.
a5 {[%clk 00:19:39]} {[%emt 00:01:13]} 1-0

[Event "DEM U10 2025"]
[Site "Willingen GER"]
[Date "2025.06.11"]
[Round "6"]
[White "Hou, Minmu"]
[Black "Gheng, Hannes Lucas"]
[Result "0-1"]
[Termination "normal"]
[Board "26"]
[WhiteElo "1355"]
[BlackElo "1483"]
[WhiteClock "00:50:29"]
[BlackClock "00:49:51"]
[PlyCount "102"]
[WhiteFideId "533041490"]
[BlackFideId "34606890"]
[EventCountry "GER"]
[EventRounds "9"]
[EventType "swiss"]
[EventDate "2025.06.07"]

1. e4 {[%clk 01:30:57]} {[%emt 00:00:02]} c5 {[%clk 01:30:57]} {[%emt
00:00:03]} 2. Nf3 {[%clk 01:31:22]} {[%emt 00:00:06]} Nc6 {[%clk 01:31:22]}
{[%emt 00:00:04]} 3. d4 {[%clk 01:31:47]} {[%emt 00:00:05]} cxd4 {[%emt
00:00:05]} 4. Nxd4 {[%clk 01:32:05]} {[%emt 00:00:10]} g6 {[%clk 01:32:10]}
{[%emt 00:00:09]} 5. Nc3 {[%clk 01:32:29]} {[%emt 00:00:06]} Bg7 {[%clk
01:32:36]} {[%emt 00:00:04]} 6. Be3 {[%clk 01:32:38]} {[%emt 00:00:21]} Nf6
{[%clk 01:32:54]} {[%emt 00:00:12]} 7. Qd2 {[%clk 01:32:09]} {[%emt 00:00:58]}
O-O {[%clk 01:33:16]} {[%emt 00:00:09]} 8. f4 {[%clk 01:32:25]} {[%emt
00:00:14]} Ng4 {[%clk 01:32:55]} {[%emt 00:00:51]} 9. Bg1 {[%clk 01:31:33]}
{[%emt 00:01:19]} e6 {[%clk 01:26:06]} {[%emt 00:07:22]} 10. h3 {[%clk
01:31:43]} {[%emt 00:00:20]} Qh4+ {[%clk 01:26:17]} {[%emt 00:00:19]} 11. Kd1
{[%clk 01:30:20]} {[%emt 00:01:50]} Nxd4 {[%clk 01:26:25]} {[%emt 00:00:25]}
12. g3 {[%clk 01:24:18]} {[%emt 00:06:32]} Qh5 {[%clk 01:23:15]} {[%emt
00:03:40]} 13. Be2 {[%clk 01:21:32]} {[%emt 00:03:16]} Nxe2 {[%clk 01:20:42]}
{[%emt 00:03:02]} 14. Qxe2 {[%clk 01:20:12]} {[%emt 00:01:52]} Bxc3 {[%clk
01:04:59]} {[%emt 00:16:13]} 15. bxc3 {[%clk 01:19:20]} {[%emt 00:01:22]} f5
{[%clk 01:05:09]} {[%emt 00:00:20]} 16. exf5 {[%clk 01:18:39]} {[%emt
00:01:11]} Qxf5 {[%clk 01:04:49]} {[%emt 00:00:49]} 17. Bd4 {[%clk 01:04:39]}
{[%emt 00:14:29]} Nf6 {[%clk 01:00:19]} {[%emt 00:04:47]} 18. g4 {[%clk
01:03:01]} {[%emt 00:02:21]} Qxf4 {[%clk 00:46:46]} {[%emt 00:14:03]} 19. Rf1
{[%clk 01:02:27]} {[%emt 00:01:05]} Qd6 {[%clk 00:46:44]} {[%emt 00:00:28]} 20.
g5 {[%clk 00:58:48]} {[%emt 00:04:14]} Nd5 {[%clk 00:46:34]} {[%emt 00:00:38]}
21. Rxf8+ {[%clk 00:56:51]} {[%emt 00:02:28]} Kxf8 {[%clk 00:46:08]} {[%emt
00:00:57]} 22. Qf2+ {[%clk 00:56:53]} {[%emt 00:00:26]} Qf4 {[%clk 00:46:17]}
{[%emt 00:00:23]} 23. Bc5+ {[%clk 00:55:22]} {[%emt 00:02:01]} Kf7 {[%clk
00:46:19]} {[%emt 00:00:28]} 24. Qxf4+ {[%clk 00:54:19]} {[%emt 00:01:32]} Nxf4
{[%clk 00:46:39]} {[%emt 00:00:10]} 25. h4 {[%clk 00:52:13]} {[%emt 00:02:36]}
e5 {[%clk 00:46:07]} {[%emt 00:01:02]} 26. Kd2 {[%clk 00:52:23]} {[%emt
00:00:21]} b6 {[%clk 00:46:15]} {[%emt 00:00:23]} 27. Bd6 {[%clk 00:52:17]}
{[%emt 00:00:35]} Ke6 {[%clk 00:46:28]} {[%emt 00:00:16]} 28. Bc7 {[%clk
00:52:31]} {[%emt 00:00:16]} Bb7 {[%clk 00:46:43]} {[%emt 00:00:16]} 29. Re1
{[%clk 00:51:17]} {[%emt 00:01:43]} d6 {[%clk 00:47:04]} {[%emt 00:00:10]} 30.
Kc1 {[%clk 00:47:00]} {[%emt 00:04:47]} Rc8 {[%clk 00:46:48]} {[%emt 00:00:47]}
31. Bxb6 {[%clk 00:46:54]} {[%emt 00:00:36]} axb6 {[%clk 00:46:23]} {[%emt
00:00:55]} 32. Kd2 {[%clk 00:47:17]} {[%emt 00:00:06]} Nd5 {[%clk 00:46:32]}
{[%emt 00:00:21]} 33. Rh1 {[%clk 00:46:12]} {[%emt 00:01:35]} Nxc3 {[%clk
00:46:36]} {[%emt 00:00:27]} 34. Rh3 {[%clk 00:46:27]} {[%emt 00:00:14]} Ne4+
{[%clk 00:46:15]} {[%emt 00:00:51]} 35. Kc1 {[%clk 00:46:54]} {[%emt 00:00:03]}
Nc5 {[%clk 00:45:33]} {[%emt 00:01:12]} 36. h5 {[%clk 00:47:17]} {[%emt
00:00:07]} Be4 {[%emt 00:00:11]} 37. hxg6 {[%clk 00:47:23]} {[%emt 00:00:22]}
Bxg6 {[%clk 00:46:16]} {[%emt 00:00:08]} 38. Rf3 {[%clk 00:47:32]} {[%emt
00:00:21]} Ne4 {[%clk 00:45:45]} {[%emt 00:01:00]} 39. Rb3 {[%clk 00:47:23]}
{[%emt 00:00:39]} Nxg5 {[%clk 00:45:59]} {[%emt 00:00:16]} 40. Rxb6 {[%emt
00:00:28]} Rxc2+ {[%clk 00:46:22]} 41. Kd1 {[%clk 00:47:53]} {[%emt 00:00:08]}
Rxa2 {[%clk 00:46:44]} {[%emt 00:00:09]} 42. Kc1 {[%clk 00:48:10]} {[%emt
00:00:13]} h5 {[%clk 00:47:01]} {[%emt 00:00:13]} 43. Rc6 {[%clk 00:47:15]}
{[%emt 00:01:25]} h4 {[%clk 00:47:13]} {[%emt 00:00:18]} 44. Rc3 {[%clk
00:47:36]} {[%emt 00:00:09]} h3 {[%clk 00:47:36]} {[%emt 00:00:07]} 45. Rxh3
{[%clk 00:48:02]} {[%emt 00:00:03]} Nxh3 {[%clk 00:47:59]} {[%emt 00:00:08]}
46. Kd1 {[%clk 00:48:28]} {[%emt 00:00:04]} d5 {[%clk 00:48:23]} {[%emt
00:00:06]} 47. Ke1 {[%clk 00:48:55]} {[%emt 00:00:03]} e4 {[%clk 00:48:44]}
{[%emt 00:00:09]} 48. Kd1 {[%clk 00:49:21]} {[%emt 00:00:04]} e3 {[%clk
00:49:09]} {[%emt 00:00:05]} 49. Ke1 {[%clk 00:49:42]} {[%emt 00:00:09]} d4
{[%clk 00:49:32]} {[%emt 00:00:08]} 50. Kd1 {[%clk 00:50:05]} {[%emt 00:00:07]}
d3 {[%clk 00:49:24]} {[%emt 00:00:37]} 51. Ke1 {[%clk 00:50:29]} {[%emt
00:00:07]} Ra1# {[%clk 00:49:51]} {[%emt 00:00:04]} 0-1

[Event "DEM U10 2025"]
[Site "Willingen GER"]
[Date "2025.06.11"]
[Round "6"]
[White "Winkens, Jonathan"]
[Black "Peterson, James"]
[Result "1/2-1/2"]
[Termination "normal"]
[Board "27"]
[WhiteElo "1406"]
[BlackElo "1338"]
[WhiteClock "00:47:46"]
[BlackClock "00:59:08"]
[PlyCount "72"]
[WhiteFideId "533019703"]
[BlackFideId "34692452"]
[EventCountry "GER"]
[EventRounds "9"]
[EventType "swiss"]
[EventDate "2025.06.07"]

1. e4 {[%clk 01:30:41]} {[%emt 00:00:19]} c6 {[%clk 01:30:36]} {[%emt
00:00:25]} 2. d4 {[%clk 01:30:43]} {[%emt 00:00:27]} d5 {[%clk 01:30:30]}
{[%emt 00:00:36]} 3. Nc3 {[%clk 01:30:16]} {[%emt 00:00:56]} dxe4 {[%clk
01:30:44]} {[%emt 00:00:17]} 4. Nxe4 {[%clk 01:29:57]} {[%emt 00:00:49]} Nf6
{[%clk 01:30:46]} {[%emt 00:00:28]} 5. Nxf6+ {[%clk 01:29:46]} {[%emt
00:00:40]} exf6 {[%clk 01:29:55]} {[%emt 00:01:21]} 6. Bc4 {[%clk 01:29:21]}
{[%emt 00:00:54]} Be7 {[%clk 01:29:20]} {[%emt 00:01:06]} 7. Nf3 {[%clk
01:28:59]} {[%emt 00:00:52]} O-O {[%clk 01:28:18]} {[%emt 00:01:31]} 8. O-O
{[%clk 01:26:58]} {[%emt 00:02:31]} Bg4 {[%clk 01:27:43]} {[%emt 00:01:06]} 9.
c3 {[%clk 01:25:56]} {[%emt 00:01:31]} Nd7 {[%clk 01:27:34]} {[%emt 00:00:39]}
10. Re1 {[%clk 01:25:30]} {[%emt 00:00:52]} Nb6 {[%clk 01:26:49]} {[%emt
00:01:18]} 11. Bb3 {[%clk 01:24:28]} {[%emt 00:01:32]} c5 {[%clk 01:17:05]}
{[%emt 00:10:15]} 12. Qd3 {[%clk 01:21:00]} {[%emt 00:03:57]} Rc8 {[%clk
01:13:57]} {[%emt 00:03:39]} 13. Qe4 {[%clk 01:20:05]} {[%emt 00:01:25]} Bxf3
{[%clk 01:12:54]} {[%emt 00:01:33]} 14. Qxe7 {[%clk 01:19:19]} {[%emt
00:01:15]} Qxe7 {[%clk 01:10:41]} {[%emt 00:02:42]} 15. Rxe7 {[%clk 01:19:27]}
{[%emt 00:00:22]} Bc6 {[%clk 01:10:24]} {[%emt 00:00:46]} 16. dxc5 {[%clk
01:18:22]} {[%emt 00:01:37]} Rce8 {[%clk 01:07:08]} {[%emt 00:03:45]} 17. Rxe8
{[%clk 01:15:31]} {[%emt 00:03:20]} Rxe8 {[%clk 01:07:10]} {[%emt 00:00:30]}
18. Be3 {[%clk 01:14:56]} {[%emt 00:01:05]} Nd5 {[%clk 01:07:00]} {[%emt
00:00:41]} 19. Bxd5 {[%clk 01:10:30]} {[%emt 00:04:54]} Bxd5 {[%clk 01:05:17]}
{[%emt 00:02:16]} 20. b3 {[%clk 01:06:27]} {[%emt 00:04:32]} f5 {[%clk
01:01:17]} {[%emt 00:04:29]} 21. c4 {[%clk 01:02:52]} {[%emt 00:04:06]} Be4
{[%clk 01:01:21]} {[%emt 00:00:24]} 22. c6 {[%clk 00:57:57]} {[%emt 00:05:26]}
Bxc6 {[%clk 01:01:18]} {[%emt 00:00:33]} 23. Bxa7 {[%clk 00:57:51]} {[%emt
00:00:36]} Re2 {[%clk 01:01:14]} {[%emt 00:00:35]} 24. c5 {[%clk 00:55:10]}
{[%emt 00:03:09]} Rb2 {[%clk 01:00:54]} {[%emt 00:00:48]} 25. Rd1 {[%clk
00:53:32]} {[%emt 00:02:04]} h6 {[%clk 01:00:23]} {[%emt 00:01:07]} 26. Ra1
{[%clk 00:53:42]} {[%emt 00:00:20]} g5 {[%clk 00:59:06]} {[%emt 00:01:46]} 27.
Bb8 {[%clk 00:51:50]} {[%emt 00:02:17]} f4 {[%clk 00:58:36]} {[%emt 00:01:06]}
28. Bc7 {[%clk 00:51:41]} {[%emt 00:00:38]} h5 {[%clk 00:58:44]} {[%emt
00:00:23]} 29. h3 {[%clk 00:51:25]} {[%emt 00:00:46]} f3 {[%clk 00:58:39]}
{[%emt 00:00:36]} 30. g4 {[%clk 00:51:28]} {[%emt 00:00:27]} hxg4 {[%clk
00:58:59]} {[%emt 00:00:10]} 31. hxg4 {[%clk 00:51:23]} {[%emt 00:00:33]} f6
{[%clk 00:59:04]} {[%emt 00:00:27]} 32. Ba5 {[%clk 00:48:52]} {[%emt 00:03:01]}
Kf7 {[%clk 00:58:51]} {[%emt 00:00:44]} 33. b4 {[%clk 00:47:52]} {[%emt
00:01:30]} Bd7 {[%clk 00:58:47]} {[%emt 00:00:34]} 34. a4 {[%clk 00:48:05]}
{[%emt 00:00:17]} Bxg4 {[%clk 00:59:02]} {[%emt 00:00:15]} 35. b5 {[%clk
00:48:14]} {[%emt 00:00:21]} Bd7 {[%clk 00:59:16]} {[%emt 00:00:16]} 36. Rd1
{[%clk 00:47:46]} {[%emt 00:00:58]} Ke7 {[%clk 00:59:08]} {[%emt 00:00:35]}
1/2-1/2

[Event "DEM U10 2025"]
[Site "Willingen GER"]
[Date "2025.06.11"]
[Round "6"]
[White "Hübner, Jakob"]
[Black "Liu, Peilin"]
[Result "1/2-1/2"]
[Termination "normal"]
[Board "28"]
[WhiteElo "1314"]
[BlackElo "1530"]
[WhiteClock "00:53:23"]
[BlackClock "00:36:17"]
[PlyCount "63"]
[WhiteFideId "34684107"]
[BlackFideId "8643792"]
[EventCountry "GER"]
[EventRounds "9"]
[EventType "swiss"]
[EventDate "2025.06.07"]

1. d4 {[%clk 01:30:59]} d5 {[%clk 01:30:16]} {[%emt 00:00:44]} 2. Nf3 {[%clk
01:31:24]} {[%emt 00:00:05]} Bf5 {[%clk 01:29:53]} {[%emt 00:00:54]} 3. c3
{[%clk 01:31:45]} {[%emt 00:00:09]} c6 {[%clk 01:29:49]} {[%emt 00:00:32]} 4.
Qb3 {[%clk 01:32:03]} {[%emt 00:00:14]} Qb6 {[%clk 01:29:20]} {[%emt 00:00:59]}
5. Bf4 {[%clk 01:31:48]} {[%emt 00:00:43]} Nf6 {[%clk 01:28:26]} {[%emt
00:01:25]} 6. Nbd2 {[%clk 01:32:00]} {[%emt 00:00:17]} Nbd7 {[%clk 01:26:30]}
{[%emt 00:02:25]} 7. h3 {[%clk 01:31:34]} {[%emt 00:00:58]} h6 {[%clk
01:26:17]} {[%emt 00:00:43]} 8. e3 {[%clk 01:31:53]} {[%emt 00:00:11]} e6
{[%clk 01:25:14]} {[%emt 00:01:33]} 9. Be2 {[%clk 01:30:11]} {[%emt 00:02:11]}
Be7 {[%clk 01:24:54]} {[%emt 00:00:51]} 10. O-O {[%clk 01:29:14]} {[%emt
00:01:28]} O-O {[%clk 01:24:44]} {[%emt 00:00:39]} 11. Ne5 {[%clk 01:25:25]}
{[%emt 00:04:19]} Qxb3 {[%clk 01:21:43]} {[%emt 00:03:31]} 12. axb3 {[%emt
00:02:55]} Nxe5 {[%clk 01:21:50]} {[%emt 00:00:19]} 13. Bxe5 {[%clk 01:23:20]}
{[%emt 00:00:12]} Ne4 {[%clk 01:21:30]} {[%emt 00:00:47]} 14. Nxe4 {[%clk
01:23:26]} {[%emt 00:00:29]} Bxe4 {[%clk 01:21:16]} {[%emt 00:00:44]} 15. f3
{[%clk 01:22:11]} {[%emt 00:01:45]} Bc2 {[%clk 01:20:16]} {[%emt 00:01:29]} 16.
b4 {[%clk 01:20:35]} {[%emt 00:02:06]} f6 {[%clk 01:12:04]} {[%emt 00:08:42]}
17. Bh2 {[%clk 01:19:46]} {[%emt 00:01:17]} Bh7 {[%clk 01:06:33]} {[%emt
00:06:02]} 18. Rfe1 {[%clk 01:15:20]} {[%emt 00:04:56]} Rfe8 {[%clk 01:03:16]}
{[%emt 00:03:47]} 19. Bf1 {[%clk 01:15:01]} {[%emt 00:00:49]} Bf8 {[%clk
00:57:41]} {[%emt 00:06:05]} 20. e4 {[%clk 01:13:58]} {[%emt 00:01:33]} dxe4
{[%emt 00:06:07]} 21. fxe4 {[%clk 01:14:02]} {[%emt 00:00:22]} e5 {[%clk
00:51:04]} {[%emt 00:01:34]} 22. dxe5 {[%clk 01:12:07]} {[%emt 00:02:24]} fxe5
{[%clk 00:50:51]} {[%emt 00:00:44]} 23. Rad1 {[%clk 01:08:23]} {[%emt
00:04:12]} Re7 {[%clk 00:46:30]} {[%emt 00:04:53]} 24. g4 {[%clk 00:58:15]}
{[%emt 00:10:37]} g5 {[%clk 00:42:21]} {[%emt 00:04:39]} 25. Bg2 {[%clk
00:58:05]} {[%emt 00:00:40]} Bg7 {[%clk 00:42:20]} {[%emt 00:00:32]} 26. Rf1
{[%clk 00:58:00]} {[%emt 00:00:32]} Rf8 {[%clk 00:42:00]} {[%emt 00:00:50]} 27.
Rxf8+ {[%clk 00:57:15]} {[%emt 00:01:17]} Kxf8 {[%clk 00:41:57]} {[%emt
00:00:31]} 28. Bg3 {[%clk 00:57:05]} {[%emt 00:00:42]} Ke8 {[%clk 00:38:23]}
{[%emt 00:03:54]} 29. Bf2 {[%clk 00:54:17]} {[%emt 00:03:30]} a6 {[%clk
00:35:51]} {[%emt 00:03:03]} 30. Kf1 {[%clk 00:53:50]} {[%emt 00:00:56]} Rd7
{[%clk 00:35:51]} {[%emt 00:00:30]} 31. Rxd7 {[%clk 00:53:05]} {[%emt
00:01:15]} Kxd7 {[%clk 00:36:17]} {[%emt 00:00:04]} 32. Ke2 {[%clk 00:53:23]}
{[%emt 00:00:10]} 1/2-1/2